<?xml version="1.0" encoding="UTF-8"?>
<record
    xmlns:xsi="http://www.w3.org/2001/XMLSchema-instance"
    xsi:schemaLocation="http://www.loc.gov/MARC21/slim http://www.loc.gov/standards/marcxml/schema/MARC21slim.xsd"
    xmlns="http://www.loc.gov/MARC21/slim">

  <leader>00510    a2200181   4500</leader>
  <controlfield tag="003">OSt</controlfield>
  <controlfield tag="005">20260305150836.0</controlfield>
  <controlfield tag="008">260305b        |||||||| |||| 00| 0 eng d</controlfield>
  <datafield tag="020" ind1=" " ind2=" ">
    <subfield code="a">9788196510565</subfield>
  </datafield>
  <datafield tag="040" ind1=" " ind2=" ">
    <subfield code="c">oclc</subfield>
  </datafield>
  <datafield tag="082" ind1=" " ind2=" ">
    <subfield code="a">894.8123</subfield>
    <subfield code="b">VIJ/E</subfield>
  </datafield>
  <datafield tag="100" ind1=" " ind2=" ">
    <subfield code="a">Vijay, Nimna</subfield>
    <subfield code="9">10614</subfield>
  </datafield>
  <datafield tag="245" ind1=" " ind2=" ">
    <subfield code="a">ETTAVUM PRIYAPPETTA ENNODU /</subfield>
    <subfield code="c">Nimna Vijay</subfield>
  </datafield>
  <datafield tag="250" ind1=" " ind2=" ">
    <subfield code="a">57th Ed.</subfield>
  </datafield>
  <datafield tag="260" ind1=" " ind2=" ">
    <subfield code="a">Kozhikode:</subfield>
    <subfield code="b">mankind.</subfield>
    <subfield code="c">2025,</subfield>
  </datafield>
  <datafield tag="300" ind1=" " ind2=" ">
    <subfield code="a">214 pages</subfield>
  </datafield>
  <datafield tag="942" ind1=" " ind2=" ">
    <subfield code="2">ddc</subfield>
    <subfield code="c">BK</subfield>
    <subfield code="h">894.8123</subfield>
    <subfield code="i">VIJ/E</subfield>
    <subfield code="k">894.8123</subfield>
    <subfield code="m">VIJ/E</subfield>
  </datafield>
  <datafield tag="952" ind1=" " ind2=" ">
    <subfield code="0">0</subfield>
    <subfield code="1">0</subfield>
    <subfield code="2">ddc</subfield>
    <subfield code="4">0</subfield>
    <subfield code="7">0</subfield>
    <subfield code="8">FIC</subfield>
    <subfield code="a">MES</subfield>
    <subfield code="b">MES</subfield>
    <subfield code="c">MAL</subfield>
    <subfield code="d">2026-03-05</subfield>
    <subfield code="g">360.00</subfield>
    <subfield code="l">1</subfield>
    <subfield code="o">894.8123 VIJ/E</subfield>
    <subfield code="p">46097</subfield>
    <subfield code="q">2026-06-03</subfield>
    <subfield code="r">2026-05-20 11:52:03</subfield>
    <subfield code="s">2026-05-20</subfield>
    <subfield code="t">1</subfield>
    <subfield code="v">360.00</subfield>
    <subfield code="w">2026-03-05</subfield>
    <subfield code="y">BK</subfield>
    <subfield code="z">GR29R3</subfield>
  </datafield>
  <datafield tag="952" ind1=" " ind2=" ">
    <subfield code="0">0</subfield>
    <subfield code="1">0</subfield>
    <subfield code="2">ddc</subfield>
    <subfield code="4">0</subfield>
    <subfield code="7">1</subfield>
    <subfield code="8">FIC</subfield>
    <subfield code="a">MES</subfield>
    <subfield code="b">MES</subfield>
    <subfield code="c">MAL</subfield>
    <subfield code="d">2026-03-05</subfield>
    <subfield code="g">360.00</subfield>
    <subfield code="l">0</subfield>
    <subfield code="o">894.8123 VIJ/E</subfield>
    <subfield code="p">46098</subfield>
    <subfield code="r">2026-03-05 14:49:06</subfield>
    <subfield code="t">2</subfield>
    <subfield code="v">360.00</subfield>
    <subfield code="w">2026-03-05</subfield>
    <subfield code="y">BK</subfield>
    <subfield code="z">GR29R3</subfield>
  </datafield>
  <datafield tag="999" ind1=" " ind2=" ">
    <subfield code="c">44633</subfield>
    <subfield code="d">44633</subfield>
  </datafield>
</record>
